000 01886nam a2200289 a 4500
008 120416s1971 ||||||||||||||||| || u
020 _a0713132434
020 _a0713132442
050 _aTA 405 Cas
100 _aChilver, Amos Henry
245 1 0 _aStrength of materials and structures: an introduction to the mechanics of solids and structures. (2nd ed)
250 _a2nd ed. (SI units)
260 _aLondon:
_bEdward Arnold
_c1971
300 _axii, 404p.: ill
350 _a0.00
500 _aFirst ed. published in 1959 under title: Strength of materials.
650 0 _aSTRENGTH OF MATERIALS
700 _aCase, John, 1888-1969
995 _aBINDERY (DAMAGED)
_D0.00
_e718443
_FCBU-MAIN LIBRARY (Kitwe)
_H2
_I7.90
_jTA 405 Cas
_M3
_UDAMAGED
_y014194
_ZMain Library Open Access Collection
995 _aTEXTBOOKS (SBE)
_D0.00
_e5400
_FCBU-SCHOOL TEXTBOOK COLLECTIONS
_H1
_I0.00
_jSCHOOL TEXTBOOK
_M4
_UAVAILABLE
_WSep 8, 2009
_y5400
_ZSchool Collections
995 _aTEXTBOOKS (SBE)
_D0.00
_e5404
_FCBU-SCHOOL TEXTBOOK COLLECTIONS
_H1
_I0.00
_jSCHOOL TEXTBOOK
_M8
_UAVAILABLE
_WSep 8, 2009
_y5404
_ZSchool Collections
995 _aTEXTBOOKS (SBE)
_D0.00
_e5403
_FCBU-SCHOOL TEXTBOOK COLLECTIONS
_H1
_I0.00
_jSCHOOL TEXTBOOK
_M7
_UAVAILABLE
_WSep 8, 2009
_y5403
_ZSchool Collections
995 _aBINDERY (DAMAGED)
_D0.00
_e717100
_FCBU-MAIN LIBRARY (Kitwe)
_H1
_I7.90
_jTA 405 Cas
_M2
_UDAMAGED
_y014193
_ZMain Library Open Access Collection
995 _aTEXTBOOKS (SBE)
_D0.00
_e5401
_FCBU-SCHOOL TEXTBOOK COLLECTIONS
_H1
_I0.00
_jSCHOOL TEXTBOOK
_M5
_UAVAILABLE
_WSep 8, 2009
_y5401
_ZSchool Collections
995 _aTEXTBOOKS (SBE)
_D0.00
_e5402
_FCBU-SCHOOL TEXTBOOK COLLECTIONS
_H1
_I0.00
_jSCHOOL TEXTBOOK
_M6
_UAVAILABLE
_WSep 8, 2009
_y5402
_ZSchool Collections
995 _aMAIN LIBRARY OPEN ACCESS
_D0.00
_e715731
_FCBU-MAIN LIBRARY (Kitwe)
_H3
_I7.90
_jTA 405 Cas
_M1
_UAVAILABLE
_y014192
_ZMain Library Open Access Collection
999 _c76889
_d76889